Krajská města ČR - náhlá smrt (sudden death) - Statistics

General Stats
  • This quiz has been taken 285 times
  • The average score is 10 of 12
Answers on the Grid
Answers color-coded by a green-red scale on the quiz's grid according to % correct below.
Brno
České Budějovice
Hradec Králové
Jihlava
Karlovy Vary
Liberec
Olomouc
Ostrava
Pardubice
Plzeň
Ústí nad Labem
Zlín
Znojmo
Frýdek-Místek
Kladno
Most
Opava
Tábor
Mladá Boleslav
Tábor
Kolín
Příbram
Cheb
Kutná Hora
 
Answer Stats
Answer % Correct
Liberec
93%
Hradec Králové
89%
Brno
88%
Karlovy Vary
88%
Olomouc
88%
Pardubice
88%
Zlín
87%
České Budějovice
86%
Ostrava
86%
Plzeň
86%
Ústí nad Labem
84%
Jihlava
83%
No matching quizzes found
Score Distribution
Percent of People with Each Score
Percentile by Number Answered
Your Score History
You have not taken this quiz